000 01361nam a22003017i 4500
999 _c170741
_d170741
003 PPAK
005 20181231153709.0
008 181231s2018 -uka|||c |||| 00| 1 eng d
020 _a9781408352014
_cRM31.90
_qpaperback
040 _aPPAK
_beng
_cPPAK
_erda
082 0 4 _223
_a823
090 0 0 _a823
_bBLA
_dK
100 1 _aBlade, Adam,
_eauthor.
245 1 0 _aREVENGE OF THE DRAGON /
_cADAM BLADE ; illustrations : Dynamo
_n4
264 1 _aLondon :
_bOrchard Books,
_c2018
300 _a123 pages :
_billustrations ;
_c20 cm
336 _2rdacontent
_atext
337 _2rdamedia
_aunmediated
338 _2rdacarrier
_avolume
490 1 _aTEAM HERO , SERIES 3
_v4
520 _aWelcome to Hero Academy! Join Jack and your other new classmates at this secret school, where the lessons are more exciting than Maths and PE. When a portal from the evil underground realm of Noxx is discovered beneath the school, Team Hero needs your powers. The next invasion is upon us ... The students of Hero Academy are visiting a rival school. Tensions are high between the two groups - but they must work together to defeat a common, frosty enemy!
650 1 0 _aChildren's stories, English
650 2 0 _aEnglish fiction
650 2 0 _aGood and evil
_vJuvenile fiction
700 1 _aDynamo,
_eillustrator.
830 0 _aTeam hero, Series 3
_nBook 4
942 _2ddc
_cB